ბათუმის შოთა რუსთაველის სახელმწიფო უნივერსიტეტის ბიბლიოთეკა

Acute Coronary Syndrome: (ბიბ.ჩანაწერი № 61750)

000 -LEADER
fixed length control field 00721nam a22001937a 4500
005 - DATE AND TIME OF LATEST TRANSACTION
control field 20240426162253.0
008 - FIXED-LENGTH DATA ELEMENTS--GENERAL INFORMATION
fixed length control field 240426s2008 enk||||| |||| 00| 0 eng d
020 ## - INTERNATIONAL STANDARD BOOK NUMBER
International Standard Book Number 9781846288685x
041 ## - LANGUAGE CODE
Language code of text/sound track or separate title eng
080 ## - UNIVERSAL DECIMAL CLASSIFICATION NUMBER
Universal Decimal Classification number 616.132. A-18
245 ## - TITLE STATEMENT
Title Acute Coronary Syndrome:
Remainder of title Multidisciplinary and Pathway-Based Approach /
Statement of responsibility, etc. Edited by Mun K. Hong, Eyal Herzog.
264 ## - PRODUCTION, PUBLICATION, DISTRIBUTION, MANUFACTURE, AND COPYRIGHT NOTICE
Place of production, publication, distribution, manufacture London :
Name of producer, publisher, distributor, manufacturer Springer,
Date of production, publication, distribution, manufacture, or copyright notice 2008.
300 ## - PHYSICAL DESCRIPTION
Extent 326 p.;
Other physical details 24 cm.
653 ## - INDEX TERM--UNCONTROLLED
keyword მწვავე კორონარული სინდრომი
653 ## - INDEX TERM--UNCONTROLLED
keyword მედიცინა
700 ## - ADDED ENTRY--PERSONAL NAME
Personal name Hong, Mun K.
Relator term რედაქტორი
9 (RLIN) 21959
700 ## - ADDED ENTRY--PERSONAL NAME
Personal name Herzog, Eyal
Relator term რედაქტორი
9 (RLIN) 21960
942 ## - ADDED ENTRY ELEMENTS (KOHA)
Source of classification or shelving scheme
Koha item type წიგნი
ეგზემპლარები
Withdrawn status Lost status Source of classification or shelving scheme Damaged status Not for loan Permanent Location Current Location Shelving location Date acquired Cost, normal purchase price Full call number Barcode Date last seen Copy number Price effective from Koha item type Public note
          ბათუმის შოთა რუსთაველის სახელმწიფო უნივერსიტეტის მთავარი ბიბლიოთეკა ბათუმის შოთა რუსთაველის სახელმწიფო უნივერსიტეტის მთავარი ბიბლიოთეკა წიგნსაცავი 2024-04-26 174.00 616.132. A-18 67918 2024-04-26 67918 2024-04-26 წიგნი 174 ლ.